000 00340nam a2200097Ia 4500
008 220120s9999||||xx |||||||||||||| ||und||
100 _aDevika, Pooja and Savitha
_912414
245 0 _aAnalog bandgap design for reference voltage generation
260 _aCoorg Institute of Technology
_bPonnampet
_c2012
650 _aELECTRONICS AND COMMUNICATIONS
999 _c138001
_d138001